[Event "World Blitz 2023"]
[Site "Samarkand UZB"]
[Date "2023.12.29"]
[EventDate "2023.12.29"]
[Round "3.78"]
[Result "1-0"]
[White "David Bogdan"]
[Black "Jamshid Mustafaev"]
[WhiteElo "1880"]
[BlackElo "2323"]
[PlyCount "60"]

1. e4 c5 2. Nf3 d6 3. d4 cxd4 4. Qxd4 Nc6 5. Bb5 e5 6. Qd3 Bd7 7. Bxc6 Bxc6
8. Nc3 h6 9. Nd2 Nf6 10. Nc4 Be7 11. Ne3 O-O 12. O-O b5 13. Nf5 Kh7 14. Qh3
Bd7 15. Qd3 Bxf5 16. exf5 b4 17. Nd5 Nxd5 18. Qxd5 Qc7 19. Qd3 Bf6 20. Be3
d5 21. Qxd5 Qxc2 22. Rfc1 Qxf5 23. Qb3 a5 24. a3 bxa3 25. Rxa3 e4 26. Rc5
Qg4 27. h3 Qg6 28. Rcxa5 Rxa5 29. Rxa5 Rb8 30. Qxb8 1-0

[Event "World Blitz 2023"]
[Site "Samarkand UZB"]
[Date "2023.12.29"]
[EventDate "2023.12.29"]
[Round "3.79"]
[Result "0-1"]
[White "Danis Kuandykuly"]
[Black "Munkhdalai Amilal"]
[WhiteElo "1718"]
[BlackElo "2293"]
[PlyCount "88"]

1. e4 c5 2. Nf3 Nc6 3. d4 cxd4 4. Nxd4 Qc7 5. Nc3 e6 6. g3 a6 7. Bg2 b5 8.
O-O Bb7 9. Re1 d6 10. Nxc6 Bxc6 11. a4 b4 12. Nd5 Qb7 13. a5 Nf6 14. Nxf6+
gxf6 15. Qd4 Be7 16. Bh6 Rg8 17. c3 Rb8 18. Rac1 e5 19. Qd2 f5 20. cxb4
Bxe4 21. Bf1 Rg6 22. Be3 Qxb4 23. Qxb4 Rxb4 24. Bxa6 Rxb2 25. Bb6 d5 26.
Rc8+ Kd7 27. Rc7+ Ke8 28. Rec1 Rgxb6 29. axb6 Rxb6 30. Bf1 Bd6 31. Rc8+ Ke7
32. Bg2 Bxg2 33. Kxg2 d4 34. R8c4 Ke6 35. f3 Rb2+ 36. Kg1 Kd5 37. Ra4 e4
38. Ra5+ Ke6 39. Ra4 Rd2 40. Re1 Kd5 41. Ra5+ Kc4 42. fxe4 fxe4 43. Rxe4
Bb4 44. Ra1 Bc3 0-1

[Event "World Blitz 2023"]
[Site "Samarkand UZB"]
[Date "2023.12.29"]
[EventDate "2023.12.29"]
[Round "4.2"]
[Result "0-1"]
[White "Anton Smirnov"]
[Black "Vladislav Artemiev"]
[WhiteElo "2647"]
[BlackElo "2799"]
[PlyCount "56"]

1. e4 e5 2. Nf3 Nc6 3. Bb5 Nge7 4. O-O Ng6 5. d4 exd4 6. Nxd4 Bc5 7. Nxc6
bxc6 8. Bd3 O-O 9. Nc3 a5 10. Qh5 d6 11. Bg5 Qe8 12. Kh1 Ne5 13. Be2 f5 14.
Qxe8 Rxe8 15. f3 Bd4 16. Bd2 fxe4 17. fxe4 Bg4 18. Rae1 Bxe2 19. Rxe2 Nc4
20. Bc1 Bxc3 21. bxc3 Rab8 22. Kg1 Rb1 23. Ref2 Ra1 24. a3 a4 25. h3 h6 26.
Rf4 Rb8 27. Re1 Rbb1 28. Rff1 Nxa3 0-1

[Event "World Blitz 2023"]
[Site "Samarkand UZB"]
[Date "2023.12.29"]
[EventDate "2023.12.29"]
[Round "4.4"]
[Result "1-0"]
[White "Zhamsaran Tsydypov"]
[Black "Alexey Sarana"]
[WhiteElo "2626"]
[BlackElo "2707"]
[PlyCount "88"]

1. e4 c5 2. Nf3 d6 3. d4 cxd4 4. Nxd4 Nf6 5. Nc3 a6 6. Bg5 e6 7. f4 Qb6 8.
a3 Nc6 9. Nb3 Qe3+ 10. Qe2 Ng4 11. Nd1 Qxe2+ 12. Bxe2 h6 13. Bh4 Nf6 14.
Nc3 Be7 15. Bf3 g5 16. Bg3 gxf4 17. Bxf4 Ne5 18. O-O-O Bd7 19. Rhf1 Rc8 20.
Kb1 b5 21. Na5 Rc7 22. Na2 Nxf3 23. gxf3 e5 24. Be3 Rg8 25. Nb4 Bc8 26.
Bxh6 Rg2 27. Rd2 Rg6 28. Be3 Bf8 29. h4 Rg3 30. Bg5 Nh7 31. Nd5 Ra7 32. Be3
Rd7 33. Rd3 Bb7 34. Nxb7 Rxb7 35. Rc3 Kd7 36. Nb6+ Ke6 37. Rc8 Be7 38. Nd5
Rh3 39. f4 Bxh4 40. fxe5 dxe5 41. Re8+ Kd6 42. Rd1 Kd7 43. Rh8 Bd8 44. Nf4+
1-0

[Event "World Blitz 2023"]
[Site "Samarkand UZB"]
[Date "2023.12.29"]
[EventDate "2023.12.29"]
[Round "4.5"]
[Result "1-0"]
[White "R Praggnanandhaa"]
[Black "Alexandr Predke"]
[WhiteElo "2665"]
[BlackElo "2594"]
[PlyCount "78"]

1. Nf3 c5 2. e4 Nc6 3. Bb5 e5 4. O-O Be7 5. Nc3 d6 6. d3 Nf6 7. a3 O-O 8.
Bc4 Be6 9. Nd5 a6 10. a4 Bxd5 11. Bxd5 Nxd5 12. exd5 Nb8 13. a5 Nd7 14. Bd2
f5 15. c4 e4 16. dxe4 fxe4 17. Ne1 Bf6 18. Rb1 Qe8 19. b4 Qg6 20. bxc5 Nxc5
21. Be3 Rac8 22. Qe2 Be5 23. g3 Nd3 24. Rxb7 Rxc4 25. Ng2 Rfc8 26. Nh4 Qf6
27. Qg4 Rf8 28. Bg5 Nxf2 29. Bxf6 Nxg4 30. Rxg7+ Kh8 31. Rf7+ Bxf6 32.
Rxf8+ Kg7 33. Ra8 Bd4+ 34. Kh1 e3 35. Nf5+ Kg6 36. Rg8+ Kh5 37. h3 Nf2+ 38.
Rxf2 Rc1+ 39. Kg2 1-0

[Event "World Blitz 2023"]
[Site "Samarkand UZB"]
[Date "2023.12.29"]
[EventDate "2023.12.29"]
[Round "4.6"]
[Result "1/2-1/2"]
[White "Volodar Murzin"]
[Black "Teimour Radjabov"]
[WhiteElo "2591"]
[BlackElo "2664"]
[PlyCount "62"]

1. d4 d5 2. Nf3 Nf6 3. Bf4 c5 4. e3 Nc6 5. Nbd2 Bg4 6. c3 e6 7. Qb3 Qc8 8.
h3 Bh5 9. Bb5 Nd7 10. O-O a6 11. Bxc6 Qxc6 12. Ne5 Nxe5 13. Bxe5 f6 14. Bg3
Be7 15. Rfe1 Bg6 16. c4 O-O 17. cxd5 Qxd5 18. Qxd5 exd5 19. dxc5 Bxc5 20.
Nb3 Bb6 21. Rec1 Rfc8 22. Bd6 Rc4 23. Bc5 Bd8 24. Nd2 Rxc1+ 25. Rxc1 Rc8
26. Nb3 b6 27. Bd4 Rc4 28. Bc3 b5 29. Nd4 Bb6 30. b3 Rc8 31. Bb2 1/2-1/2

[Event "World Blitz 2023"]
[Site "Samarkand UZB"]
[Date "2023.12.29"]
[EventDate "2023.12.29"]
[Round "4.7"]
[Result "0-1"]
[White "Van Foreest, Jorden"]
[Black "Shamsiddin Vokhidov"]
[WhiteElo "2664"]
[BlackElo "2588"]
[PlyCount "110"]

1. e4 c5 2. Nf3 e6 3. c3 Nf6 4. e5 Nd5 5. g3 d6 6. exd6 Bxd6 7. Bg2 Nc6 8.
O-O O-O 9. d4 cxd4 10. Nxd4 Nxd4 11. Qxd4 Qc7 12. c4 Nf6 13. Nc3 Bd7 14.
Nb5 Bxb5 15. cxb5 Be5 16. Qd3 Rfd8 17. Qe2 Bd4 18. Bf4 Qb6 19. a4 a5 20.
bxa6 Rxa6 21. Qb5 Bxf2+ 22. Kh1 Qxb5 23. axb5 Rxa1 24. Rxa1 Nd5 25. Bxd5
exd5 26. Bc7 Re8 27. Kg2 Bc5 28. b6 f5 29. Ra5 Re2+ 30. Kf1 Rf2+ 31. Kg1
Be3 32. Kh1 d4 33. Rd5 g5 34. Be5 g4 35. h3 Rxb2 36. hxg4 fxg4 37. Rd6 Kf7
38. Bxd4 Rd2 39. Rf6+ Ke7 40. Be5 Rd5 41. Bb2 Rd1+ 42. Kg2 Rd2+ 43. Kh1 Bf2
44. Be5 Bxg3 45. Bc3 Rc2 46. Bd4 Rc4 47. Bb2 Rb4 48. Bc3 Rb3 49. Bd4 Rd3
50. Bb2 Rd1+ 51. Kg2 Bd6 52. Bc3 Rd3 53. Ba1 Rd2+ 54. Rf2 Rxf2+ 55. Kxf2
Ke6 0-1

[Event "World Blitz 2023"]
[Site "Samarkand UZB"]
[Date "2023.12.29"]
[EventDate "2023.12.29"]
[Round "4.10"]
[Result "1-0"]
[White "M Amin Tabatabaei"]
[Black "Vachier-Lagrave, Maxime"]
[WhiteElo "2573"]
[BlackElo "2748"]
[PlyCount "96"]

1. Nf3 d5 2. d4 Nf6 3. c3 Bf5 4. Qb3 Qc8 5. c4 dxc4 6. Qxc4 Nbd7 7. g3 e6
8. Bg2 h6 9. O-O Be7 10. Nc3 O-O 11. Ne5 Nxe5 12. dxe5 Nd7 13. e4 Bh7 14.
f4 a6 15. Be3 c5 16. a4 Qc6 17. Rfd1 Rfd8 18. a5 b5 19. axb6 Nxb6 20. Rxd8+
Rxd8 21. Qxa6 Ra8 22. Qf1 Rxa1 23. Qxa1 Nc4 24. Bf2 g5 25. Qa4 Qxa4 26.
Nxa4 Nd2 27. Bxc5 Bd8 28. Nc3 gxf4 29. gxf4 Nb3 30. Be3 f6 31. exf6 Bxf6
32. Kf2 Kf7 33. Ke2 Be7 34. Kd3 Bg6 35. Kc2 Na5 36. Bf1 Nb7 37. Bc4 Nd6 38.
Bd3 Nb7 39. e5 Bh5 40. Ne4 Bf3 41. Kc3 Bh4 42. b4 Ke7 43. b5 Kd8 44. Nc5
Nxc5 45. Bxc5 Be1+ 46. Kc2 h5 47. f5 exf5 48. Bxf5 1-0

[Event "World Blitz 2023"]
[Site "Samarkand UZB"]
[Date "2023.12.29"]
[EventDate "2023.12.29"]
[Round "4.11"]
[Result "0-1"]
[White "Robert Hovhannisyan"]
[Black "Anish Giri"]
[WhiteElo "2570"]
[BlackElo "2731"]
[PlyCount "68"]

1. e4 c5 2. Nf3 d6 3. Nc3 a6 4. d4 cxd4 5. Nxd4 Nf6 6. Be2 e5 7. Nf3 Be7 8.
Bg5 Be6 9. Bxf6 Bxf6 10. O-O O-O 11. a4 Be7 12. Nd5 Nd7 13. Bc4 Rc8 14. Qe2
Nb6 15. Nxb6 Qxb6 16. Bxe6 fxe6 17. c3 Qc6 18. a5 Bd8 19. Rfd1 Bc7 20. Rd2
Rf4 21. Ng5 Rf6 22. Qg4 h6 23. Nf3 Bb8 24. h4 Rcf8 25. Ne1 d5 26. exd5 exd5
27. Rad1 Ba7 28. Nd3 e4 29. Nb4 Qe8 30. Kh1 e3 31. fxe3 Qxe3 32. Rd3 Rf1+
33. Kh2 Qg1+ 34. Kh3 Qh1+ 0-1

[Event "World Blitz 2023"]
[Site "Samarkand UZB"]
[Date "2023.12.29"]
[EventDate "2023.12.29"]
[Round "4.12"]
[Result "1/2-1/2"]
[White "Parham Maghsoodloo"]
[Black "Vladislav Kovalev"]
[WhiteElo "2660"]
[BlackElo "2539"]
[PlyCount "98"]

1. c4 g6 2. d4 Bg7 3. e4 d6 4. Nc3 e5 5. d5 a5 6. Be3 Na6 7. Qd2 f5 8. f3
Bh6 9. O-O-O Bxe3 10. Qxe3 f4 11. Qf2 Nf6 12. g4 Nc5 13. h4 h5 14. g5 Nfd7
15. b3 Nb6 16. Kd2 O-O 17. Ke1 Bd7 18. Qd2 Qe7 19. Kf2 Rfd8 20. Qc2 Be8 21.
Bh3 a4 22. Nge2 axb3 23. axb3 Ra3 24. Rb1 Rda8 25. Rhc1 Na6 26. Qd2 Nc5 27.
Qd1 Na6 28. Kg2 c5 29. dxc6 bxc6 30. Ra1 Nb4 31. Rxa3 Rxa3 32. Ra1 Rxa1 33.
Qxa1 c5 34. Qa5 Qb7 35. Nd5 N6xd5 36. exd5 Qb8 37. Be6+ Kf8 38. Nc3 Ke7 39.
Ne4 Nd3 40. Kh3 Bd7 41. Bxd7 Kxd7 42. Qa6 Ke7 43. Kh2 Ne1 44. Nd2 Nd3 45.
Kg1 Qb4 46. Qa7+ Kd8 47. Qa8+ Ke7 48. Qa7+ Kd8 49. Qa8+ 1/2-1/2

[Event "World Blitz 2023"]
[Site "Samarkand UZB"]
[Date "2023.12.29"]
[EventDate "2023.12.29"]
[Round "4.13"]
[Result "1/2-1/2"]
[White "Denis Makhnev"]
[Black "Rauf Mamedov"]
[WhiteElo "2528"]
[BlackElo "2635"]
[PlyCount "68"]

1. d4 d5 2. c4 e6 3. Nc3 c5 4. cxd5 cxd4 5. Qxd4 Nc6 6. Qa4 exd5 7. e3 d4
8. exd4 Qxd4 9. Bb5 Qxa4 10. Bxa4 Bb4 11. Ne2 Ne7 12. a3 Ba5 13. Bf4 Nd5
14. Bd2 Nxc3 15. Bxc6+ bxc6 16. Bxc3 Bb6 17. Nd4 c5 18. Nb5 O-O 19. O-O-O
Be6 20. Rhe1 Rfd8 21. Rxd8+ Rxd8 22. Rd1 Rxd1+ 23. Kxd1 f6 24. Kd2 Kf7 25.
a4 Bd7 26. b3 Ke6 27. Na3 Bc6 28. f3 g5 29. Nc4 Bc7 30. h3 h5 31. Ke2 Bd5
32. Bd2 Bd6 33. Nxd6 Kxd6 34. b4 1/2-1/2

[Event "World Blitz 2023"]
[Site "Samarkand UZB"]
[Date "2023.12.29"]
[EventDate "2023.12.29"]
[Round "4.14"]
[Result "1/2-1/2"]
[White "Hans Moke Niemann"]
[Black "Aleksandr Rakhmanov"]
[WhiteElo "2614"]
[BlackElo "2521"]
[PlyCount "224"]

1. c4 e5 2. g3 h5 3. h3 h4 4. g4 c6 5. d4 exd4 6. Qxd4 d5 7. Nf3 dxc4 8.
Qxc4 Be6 9. Qc2 Na6 10. a3 Nc5 11. Nbd2 a5 12. Bg2 Nf6 13. O-O Nd5 14. Nc4
a4 15. Nd4 Be7 16. Rd1 Qc7 17. Nxe6 Nxe6 18. e3 O-O 19. Nd2 Rfd8 20. Ne4
Nf6 21. Bd2 Nxe4 22. Bxe4 Nc5 23. Bc3 Nxe4 24. Qxe4 b5 25. Be5 Bd6 26. Bc3
Bf8 27. g5 c5 28. Qxh4 Qb6 29. Qf4 b4 30. Be5 Qe6 31. h4 Re8 32. Bd6 Rac8
33. Rac1 Qb3 34. Bxf8 Rxf8 35. Rd2 bxa3 36. bxa3 c4 37. Rdc2 c3 38. Qe5
Rfe8 39. Qa5 Qc4 40. Qb4 Re4 41. Qxc4 Rexc4 42. f4 f5 43. g6 Kf8 44. Kf2
Ke7 45. Ke2 R4c6 46. h5 Ke6 47. Rb1 Rh8 48. Rh1 Kf6 49. Kf3 Rb8 50. Rd1 Rb2
51. Rcc1 c2 52. Rd2 Ke6 53. Ke2 Rc8 54. Kf3 Rc7 55. Rg2 Rc8 56. h6 gxh6 57.
g7 Kf7 58. Rcxc2 Rbxc2 59. g8=Q+ Rxg8 60. Rxc2 Rb8 61. Rc4 Rb3 62. Rxa4 h5
63. Ra5 Ke6 64. Ra6+ Kf7 65. a4 h4 66. a5 Ra3 67. Ra8 h3 68. a6 Kg7 69. a7
h2 70. Kg2 Ra2+ 71. Kh1 Kh7 72. Rf8 Rxa7 73. Rxf5 Re7 74. Rh5+ Kg6 75. Rh3
Kf5 76. Kxh2 Ke4 77. Rh5 Rg7 78. Re5+ Kf3 79. f5 Rh7+ 80. Kg1 Rf7 81. e4
Kf4 82. Re6 Ra7 83. f6 Kg3 84. Kf1 Kf3 85. Ke1 Ke3 86. Kd1 Kd3 87. Kc1 Kc3
88. Kb1 Rb7+ 89. Kc1 Ra7 90. Rc6+ Kd4 91. Re6 Kc3 92. Kb1 Rb7+ 93. Kc1 Ra7
94. Kd1 Kd3 95. Kc1 Kc3 96. Rb6 Kd4 97. Re6 Kc3 98. Kd1 Kd3 99. Ke1 Ke3
100. Kf1 Kf3 101. Kg1 Kg3 102. Kf1 Kf3 103. Ke1 Ke3 104. Kd1 Kd3 105. Kc1
Kc3 106. Rb6 Kd4 107. Rb4+ Ke5 108. Kd2 Kxf6 109. Ke3 Ke6 110. Rb6+ Ke7
111. Kf4 Ra5 112. e5 Ra1 1/2-1/2

[Event "World Blitz 2023"]
[Site "Samarkand UZB"]
[Date "2023.12.29"]
[EventDate "2023.12.29"]
[Round "4.15"]
[Result "0-1"]
[White "Fabiano Caruana"]
[Black "Sanan Sjugirov"]
[WhiteElo "2815"]
[BlackElo "2569"]
[PlyCount "138"]

1. e4 c5 2. Nf3 d6 3. Bb5+ Bd7 4. c4 Nf6 5. Nc3 e6 6. Bxd7+ Qxd7 7. O-O Be7
8. d4 cxd4 9. Nxd4 Nc6 10. Be3 O-O 11. Rc1 Rac8 12. h3 a6 13. Qe2 Nxd4 14.
Bxd4 Qc7 15. b3 Qa5 16. a4 Rfd8 17. Rfd1 h6 18. Rd3 Nd7 19. Rcd1 Ne5 20.
Bxe5 dxe5 21. g3 Rd4 22. Kg2 Bc5 23. Qf3 Rcd8 24. Ne2 Rxd3 25. Rxd3 Rxd3
26. Qxd3 Qe1 27. Qf3 Qd2 28. h4 Qc2 29. g4 Be7 30. Kh3 Qd1 31. h5 Qf1+ 32.
Kh2 Bc5 33. Ng3 Qxf2+ 34. Qxf2 Bxf2 35. Ne2 Be3 36. Kg2 Bd2 37. Ng1 g6 38.
Nf3 Bc3 39. Kf2 Kg7 40. Ke3 f5 41. gxf5 exf5 42. hxg6 f4+ 43. Kd3 Bb2 44.
Nh4 a5 45. c5 Bd4 46. Kc4 Kf6 47. b4 axb4 48. Kxb4 Bf2 49. Nf3 h5 50. a5 h4
51. a6 bxa6 52. c6 Bb6 53. Nxh4 Bd8 54. Kc5 a5 55. Kb5 Bc7 56. Kc5 Bd8 57.
Kc4 Ke6 58. Nf5 Kf6 59. g7 Kf7 60. Kb5 f3 61. Kc4 f2 62. Ng3 Kxg7 63. Kd3
a4 64. Kc3 Ba5+ 65. Kc4 Kf7 66. Nf1 Ke6 67. Ne3 Kd6 68. Kb5 a3 69. Kxa5 a2
0-1

[Event "World Blitz 2023"]
[Site "Samarkand UZB"]
[Date "2023.12.29"]
[EventDate "2023.12.29"]
[Round "4.16"]
[Result "1-0"]
[White "Ian Nepomniachtchi"]
[Black "Daniel Dardha"]
[WhiteElo "2795"]
[BlackElo "2568"]
[PlyCount "74"]

1. e4 e5 2. f4 d5 3. exd5 exf4 4. Nf3 Nf6 5. Bb5+ Nbd7 6. O-O Be7 7. c4 a6
8. Bxd7+ Bxd7 9. d4 b5 10. b3 bxc4 11. bxc4 Nh5 12. Ne5 g6 13. g4 fxg3 14.
Nxf7 gxh2+ 15. Kxh2 Qb8 16. Qe2 Rf8 17. Bg5 Rxf7 18. Rxf7 Kxf7 19. Qxe7+
Kg8 20. Nd2 Bf5 21. Re1 Qb2 22. Qe5 Qc3 23. Be3 Rf8 24. Qxc7 Qd3 25. Qd6
Nf6 26. Kg1 Ng4 27. Qg3 Re8 28. Bf4 Rxe1+ 29. Qxe1 Kf7 30. Be5 g5 31. c5
Qc2 32. d6 Be6 33. Qe2 h5 34. Qf3+ Kg8 35. Qa8+ Kf7 36. Qb7+ Kg8 37. Qg7#
1-0

[Event "World Blitz 2023"]
[Site "Samarkand UZB"]
[Date "2023.12.29"]
[EventDate "2023.12.29"]
[Round "4.17"]
[Result "1/2-1/2"]
[White "Levon Aronian"]
[Black "David Paravyan"]
[WhiteElo "2772"]
[BlackElo "2566"]
[PlyCount "76"]

1. e4 e5 2. Bc4 Nf6 3. d3 c6 4. Bb3 d5 5. exd5 Nxd5 6. Nf3 Bd6 7. O-O O-O
8. Re1 Bg4 9. Nbd2 Nd7 10. Nc4 Bc7 11. h3 Bh5 12. g4 Bg6 13. Ncxe5 Nxe5 14.
Nxe5 Qh4 15. Kg2 f5 16. Nxg6 hxg6 17. g5 Bf4 18. Bxf4 Qxf4 19. Qf3 Qxg5+
20. Kh1 Kh7 21. Bxd5 cxd5 22. Qxd5 Qd2 23. Re7 Rae8 24. Qxb7 Rxe7 25. Qxe7
Rc8 26. Qxa7 Rxc2 27. Qe3 Qa5 28. Rg1 Qxa2 29. Qb6 Qd5+ 30. Kh2 Rc6 31. Qe3
Re6 32. Qg3 Qd4 33. b3 Qb4 34. Rg2 Qxb3 35. Qh4+ Kg8 36. Qd8+ Kh7 37. Qh4+
Kg8 38. Qd8+ Kh7 1/2-1/2

[Event "World Blitz 2023"]
[Site "Samarkand UZB"]
[Date "2023.12.29"]
[EventDate "2023.12.29"]
[Round "4.18"]
[Result "1-0"]
[White "S L Narayanan"]
[Black "Haik M Martirosyan"]
[WhiteElo "2564"]
[BlackElo "2770"]
[PlyCount "102"]

1. e4 c5 2. Nf3 Nc6 3. Bb5 e6 4. Bxc6 bxc6 5. d3 Ne7 6. h4 d6 7. h5 e5 8.
Nh2 Ng8 9. Qf3 Be6 10. Nc3 Qd7 11. g4 h6 12. Nd1 Be7 13. Ne3 g6 14. Bd2
O-O-O 15. b3 Nf6 16. O-O-O d5 17. Ba5 Rdg8 18. Kb1 d4 19. Nf5 gxf5 20. gxf5
Bd5 21. Rde1 Bd6 22. Nf1 Rg4 23. Ng3 Kb7 24. Ka1 Ka6 25. Bd2 Rgg8 26. c4
dxc3 27. Bxc3 Re8 28. Rc1 Kb7 29. Bd2 Qd8 30. Rc2 Ka8 31. Rhc1 Bxb3 32.
axb3 Qb6 33. Rb2 Rd8 34. Rc4 Be7 35. Bc3 Nd7 36. Ra4 Rb8 37. Nf1 Bg5 38.
Nd2 Bxd2 39. Bxd2 Rhg8 40. Ka2 Rg1 41. Bxh6 c4 42. dxc4 c5 43. Be3 Qc6 44.
h6 Nb6 45. Ra5 Nxc4 46. bxc4 Rxb2+ 47. Kxb2 Qb6+ 48. Rb5 Qa6 49. Bc1 Qd6
50. Qe3 Qd1 51. Qd2 1-0

[Event "World Blitz 2023"]
[Site "Samarkand UZB"]
[Date "2023.12.29"]
[EventDate "2023.12.29"]
[Round "4.20"]
[Result "1-0"]
[White "Richard Rapport"]
[Black "Robert Ruck"]
[WhiteElo "2748"]
[BlackElo "2561"]
[PlyCount "68"]

1. e4 c6 2. Nc3 d5 3. Nf3 Bg4 4. Be2 dxe4 5. Nxe4 Nd7 6. O-O Ngf6 7. Ng3 e6
8. d4 Be7 9. h3 Bxf3 10. Bxf3 O-O 11. Re1 Qb6 12. c3 Rfe8 13. Qc2 Rad8 14.
a4 Qc7 15. a5 Bd6 16. Nf1 e5 17. Bd2 exd4 18. cxd4 Bf4 19. Ne3 a6 20. Rac1
Qb8 21. g3 Bxe3 22. Bxe3 Nf8 23. Qb3 Ne6 24. Bg2 Nd5 25. Rcd1 Nxe3 26. Rxe3
Rxd4 27. Rxd4 Nxd4 28. Qxb7 g6 29. Rxe8+ Qxe8 30. Qxa6 Qe1+ 31. Bf1 Nf3+
32. Kg2 Qe4 33. Qe2 Qd5 34. Qxf3 1-0

[Event "World Blitz 2023"]
[Site "Samarkand UZB"]
[Date "2023.12.29"]
[EventDate "2023.12.29"]
[Round "4.21"]
[Result "0-1"]
[White "Shakhriyar Mamedyarov"]
[Black "Denis Lazavik"]
[WhiteElo "2716"]
[BlackElo "2556"]
[PlyCount "50"]

1. d4 Nf6 2. Bg5 d5 3. Nd2 c5 4. dxc5 e6 5. e4 Bxc5 6. e5 Qb6 7. exf6 Bxf2+
8. Ke2 gxf6 9. Nh3 fxg5 10. Nxf2 Nc6 11. Nb3 Bd7 12. Qd2 O-O-O 13. Ke1 Kb8
14. a4 e5 15. a5 Qc7 16. Nc5 Bc8 17. b4 e4 18. Be2 Rhe8 19. Ra3 Qe5 20. Nd1
d4 21. Rb3 d3 22. Bh5 Nd4 23. Ne3 dxc2 24. Rc3 Nb5 25. Nd3 Qxc3 0-1

[Event "World Blitz 2023"]
[Site "Samarkand UZB"]
[Date "2023.12.29"]
[EventDate "2023.12.29"]
[Round "4.22"]
[Result "1-0"]
[White "Raunak Sadhwani"]
[Black "Manuel Petrosyan"]
[WhiteElo "2668"]
[BlackElo "2556"]
[PlyCount "66"]

1. c4 e6 2. Nc3 Nf6 3. Nf3 d5 4. e3 Bd6 5. b3 O-O 6. Bb2 c5 7. cxd5 exd5 8.
d4 Nc6 9. Be2 cxd4 10. Nxd4 Nxd4 11. Qxd4 Re8 12. O-O Be5 13. Qd2 Be6 14.
Rfd1 Ng4 15. h3 Nxf2 16. Kxf2 Qh4+ 17. Kf1 Bxh3 18. Bf3 Bf5 19. Nxd5 Bxb2
20. Qxb2 Be4 21. Qf2 Qg5 22. Rd4 Bxf3 23. Qxf3 Rac8 24. Rad1 h5 25. Kg1 Rc2
26. R4d2 Rc6 27. Nf4 g6 28. Rd7 Rf6 29. R7d5 Qh6 30. Rd8 Qf8 31. Qd5 Kg7
32. Rxe8 Qxe8 33. Qd4 1-0

[Event "World Blitz 2023"]
[Site "Samarkand UZB"]
[Date "2023.12.29"]
[EventDate "2023.12.29"]
[Round "4.24"]
[Result "1-0"]
[White "Maxim Matlakov"]
[Black "Aydin Suleymanli"]
[WhiteElo "2638"]
[BlackElo "2553"]
[PlyCount "94"]

1. d4 Nf6 2. c4 g6 3. Nc3 Bg7 4. e4 d6 5. Nf3 O-O 6. Be2 Nc6 7. O-O e5 8.
d5 Ne7 9. b4 a5 10. bxa5 c5 11. a4 Rxa5 12. Bd2 Ra6 13. Ra3 Kh8 14. Bd3
Nfg8 15. Bc2 Bh6 16. Nb5 f5 17. Bc3 Bg7 18. exf5 Nxf5 19. Bd2 Bh6 20. Re1
Bd7 21. h3 Nh4 22. Bxh6 Nxh6 23. Nxh4 Qxh4 24. Rf3 Rxf3 25. Qxf3 Kg8 26.
Qb3 Qd8 27. Qe3 Qh4 28. f4 exf4 29. Qe7 Qxe7 30. Rxe7 Bf5 31. Bb3 Nf7 32.
Rxb7 Ne5 33. Nc7 Ra5 34. Ne8 Nf7 35. Rb8 h5 36. Nxd6+ Kg7 37. Rb7 Kf6 38.
Nxf7 g5 39. Nd6 Bd3 40. Rb6 Ke5 41. Nb7 Ra7 42. d6 Bf5 43. Nxc5 g4 44. hxg4
hxg4 45. Rb7 Ra8 46. d7 Kd6 47. Ra7 1-0

[Event "World Blitz 2023"]
[Site "Samarkand UZB"]
[Date "2023.12.29"]
[EventDate "2023.12.29"]
[Round "4.1"]
[Result "0-1"]
[White "Surya Shekhar Ganguly"]
[Black "Vahap Sanal"]
[WhiteElo "2549"]
[BlackElo "2637"]
[PlyCount "76"]

1. Nf3 c5 2. e4 e6 3. Nc3 a6 4. Be2 d6 5. d4 cxd4 6. Nxd4 Nf6 7. O-O Be7 8.
f4 Qc7 9. Be3 Nbd7 10. Bf3 O-O 11. g4 Nb6 12. g5 Nfd7 13. Kh1 Nc4 14. Bc1
b5 15. Bg2 Re8 16. b3 Na5 17. Bb2 Bb7 18. Qh5 Rac8 19. f5 e5 20. Nde2 Bf8
21. Rf3 g6 22. Qh4 Bg7 23. f6 Bh8 24. Qh6 b4 25. Bh3 bxc3 26. Nxc3 Nf8 27.
Rg1 Qb6 28. Rg4 Nc4 29. Bg2 Nxb2 30. Rh4 Rxc3 31. Rxc3 Qd4 32. Rf3 Bxe4 33.
Rf1 Bxg2+ 34. Kxg2 Qd5+ 35. Kg1 Rc8 36. c4 Qc5+ 37. Kh1 Nd3 38. Kg2 0-1

[Event "World Blitz 2023"]
[Site "Samarkand UZB"]
[Date "2023.12.29"]
[EventDate "2023.12.29"]
[Round "4.2"]
[Result "1/2-1/2"]
[White "Laurent Fressinet"]
[Black "Evgeniy Najer"]
[WhiteElo "2636"]
[BlackElo "2545"]
[PlyCount "82"]

1. d4 d5 2. Nf3 Nf6 3. c4 c6 4. g3 Bg4 5. Ne5 Bf5 6. Qb3 Qb6 7. cxd5 Nxd5
8. Bg2 Qxb3 9. axb3 Nb4 10. Na3 Nd7 11. Nxd7 Bxd7 12. O-O e6 13. Bf4 Be7
14. Nc4 O-O 15. Rfc1 Nd5 16. Bd6 Bxd6 17. Nxd6 Rfb8 18. e4 Ne7 19. b4 Kf8
20. Nc4 Rd8 21. Nd6 Bc8 22. e5 Nf5 23. Nxf5 exf5 24. b5 Bd7 25. Ra5 Be8 26.
bxc6 bxc6 27. Bxc6 Bxc6 28. Rxc6 Rxd4 29. e6 fxe6 30. Rxe6 g6 31. Rc6 Rd7
32. b4 Rb8 33. b5 Kg7 34. h4 Kh6 35. Kg2 Rbb7 36. Kh3 Rd2 37. Kg2 Rb2 38.
Rca6 Rd7 39. Ra2 Rxb5 40. Rxa7 Rxa7 41. Rxa7 1/2-1/2

[Event "World Blitz 2023"]
[Site "Samarkand UZB"]
[Date "2023.12.29"]
[EventDate "2023.12.29"]
[Round "4.3"]
[Result "1/2-1/2"]
[White "Shant Sargsyan"]
[Black "Velimir Ivic"]
[WhiteElo "2633"]
[BlackElo "2542"]
[PlyCount "116"]

1. d4 d5 2. c4 c6 3. Nf3 Nf6 4. Nc3 e6 5. Bg5 h6 6. Bxf6 Qxf6 7. e3 g6 8.
Bd3 dxc4 9. Bxc4 Nd7 10. O-O Bg7 11. Re1 O-O 12. e4 e5 13. d5 Rd8 14. a4
Nb6 15. Bb3 a5 16. h3 Bd7 17. Qe2 Rac8 18. Qe3 cxd5 19. exd5 Nc4 20. Bxc4
Rxc4 21. Nxe5 Rcc8 22. Nxd7 Rxd7 23. Rad1 Qf5 24. d6 Bxc3 25. bxc3 Rcd8 26.
Qxh6 Qf6 27. Re3 Rxd6 28. Rde1 Rd1 29. Rxd1 Rxd1+ 30. Kh2 Rd8 31. Rf3 Qe5+
32. Qf4 Qxf4+ 33. Rxf4 Rd3 34. Rc4 Rd5 35. f3 Kg7 36. Rc7 b5 37. c4 bxc4
38. Rxc4 g5 39. Kg3 Kg6 40. Rc6+ f6 41. Ra6 Kf5 42. Rb6 Ke5 43. Kg4 Rd4+
44. Kh5 Rxa4 45. Kg6 Ra2 46. g3 Rg2 47. Rb5+ Ke6 48. Rxa5 Rxg3 49. Ra6+ Ke7
50. Ra7+ Ke6 51. Ra6+ Ke7 52. Rxf6 Rxh3 53. Rf7+ Ke6 54. Rf6+ Ke7 55. Rf5
Rg3 56. Re5+ Kf8 57. Rf5+ Ke7 58. Rxg5 Rxf3 1/2-1/2

[Event "World Blitz 2023"]
[Site "Samarkand UZB"]
[Date "2023.12.29"]
[EventDate "2023.12.29"]
[Round "4.4"]
[Result "1/2-1/2"]
[White "Alexander Riazantsev"]
[Black "Jinshi Bai"]
[WhiteElo "2621"]
[BlackElo "2516"]
[PlyCount "66"]

1. d4 d5 2. c4 e6 3. Nc3 c5 4. e3 Nf6 5. Nf3 a6 6. a3 dxc4 7. Bxc4 b5 8.
Ba2 Bb7 9. O-O Nc6 10. Qe2 cxd4 11. Rd1 Be7 12. exd4 O-O 13. d5 exd5 14.
Nxd5 Nxd5 15. Bxd5 Qe8 16. Be3 Bc5 17. Rac1 Bxe3 18. Qxe3 Qxe3 19. fxe3
Rac8 20. Ng5 Nd8 21. Bxb7 Nxb7 22. b4 Rxc1 23. Rxc1 Re8 24. Rc6 h6 25. Nf3
Re6 26. Rxe6 fxe6 27. Ne5 Kf8 28. Kf2 Ke7 29. e4 Kd6 30. Nf7+ Ke7 31. Ne5
Kd6 32. Nf7+ Ke7 33. Ne5 Kd6 1/2-1/2

[Event "World Blitz 2023"]
[Site "Samarkand UZB"]
[Date "2023.12.29"]
[EventDate "2023.12.29"]
[Round "4.5"]
[Result "0-1"]
[White "Anton Guijarro, David"]
[Black "Liam Vrolijk"]
[WhiteElo "2616"]
[BlackElo "2487"]
[PlyCount "98"]

1. e4 e5 2. Nf3 Nc6 3. Bc4 Nf6 4. Ng5 d5 5. exd5 Na5 6. Bb5+ c6 7. dxc6
bxc6 8. Bd3 Nd5 9. Nf3 Bd6 10. Nc3 O-O 11. Be2 Qc7 12. d3 f5 13. Bd2 Nf6
14. g3 Rb8 15. Rb1 c5 16. O-O Nc6 17. Bg5 Be6 18. Re1 Nd7 19. Bf1 Nd4 20.
Bd2 Kh8 21. Bg2 Bg8 22. b3 Nf6 23. Na4 Rbe8 24. Nb2 Nxf3+ 25. Qxf3 e4 26.
dxe4 Nxe4 27. Bf4 Bxf4 28. Qxf4 Qxf4 29. gxf4 Nc3 30. Ra1 Ne2+ 31. Kf1 Nxf4
32. Bf3 g5 33. Rad1 g4 34. Bc6 Rd8 35. Bd7 Bd5 36. Bb5 Bg2+ 37. Kg1 Bf3 38.
Rxd8 Rxd8 39. Nd3 Ne2+ 40. Kf1 Nd4 41. Ne5 Kg7 42. Bd3 Kf6 43. Re3 Bb7 44.
Re1 h5 45. c3 Nf3 46. Nxf3 Bxf3 47. Bc4 Be4 48. Ke2 Ke5 49. Rg1 Bf3+ 0-1